[Event "Moscow Open A 2015"]
[Site "Moscow RUS"]
[Date "2015.02.01"]
[Round "2.48"]
[White "Lysyj, Igor"]
[Black "Shtembuliak, Evgeny"]
[Result "1-0"]
[WhiteTitle "GM"]
[BlackTitle "FM"]
[WhiteElo "2700"]
[BlackElo "2352"]
[WhiteFideId "4150120"]
[BlackFideId "14113325"]
[EventDate "2015.01.31"]

1. d4 Nf6 2. c4 d6 3. Nf3 g6 4. Nc3 Bf5 5. Nh4 Bd7 6. e4 e5 7. Nf3 exd4 8. Nxd4
Bg7 9. Be2 O-O 10. Be3 Nc6 11. O-O Re8 12. f3 Nh5 13. Nc2 Be5 14. Nd5 Ne7 15.
Bg5 f6 16. Be3 Nxd5 17. Qxd5+ Be6 18. Qd2 f5 19. f4 Bxb2 20. Rab1 Bg7 21. Bxh5
gxh5 22. Bd4 Qd7 23. Bxg7 Qxg7 24. Ne3 b6 25. Rf3 Kh8 26. Rg3 Qf6 27. Rg5 fxe4
28. Rxh5 a6 29. f5 Bg8 30. Ng4 Qg7 31. Qf4 Qd4+ 32. Kh1 Re7 33. f6 Rf7 34. Rf1
Raf8 35. Rf5 Qxc4 36. Nh6 Qe6 37. Qg3 Rd7 38. Rg5 Qc4 39. Rgf5 Be6 40. R5f4 Qd3
41. Qe1 e3 42. f7 d5 43. Qh4 Qg6 44. Rf6 Rdxf7 45. Nxf7+ Rxf7 46. Rxf7 Bxf7 47.
Qe7 Bg8 48. Qxe3 c5 49. h4 d4 50. Qe5+ Qg7 51. Qd6 Qg6 52. Rf6 Qe4 53. Rf4 Qe6
54. Rxd4 a5 55. a4 c4 56. Qg3 Qf6 57. Rd6 Be6 58. Qe1 1-0

[Event "Moscow Open A 2015"]
[Site "Moscow RUS"]
[Date "2015.02.01"]
[Round "2.49"]
[White "Alekseev, Evgeny"]
[Black "Kazakovskiy, Valeriy"]
[Result "0-1"]
[WhiteTitle "GM"]
[WhiteElo "2679"]
[BlackElo "2354"]
[WhiteFideId "4138147"]
[BlackFideId "13507443"]
[EventDate "2015.01.31"]

1. e4 c5 2. Nf3 Nc6 3. d4 cxd4 4. Nxd4 e5 5. Nb5 d6 6. c4 Be7 7. N1c3 a6 8. Na3
Nf6 9. Bd3 O-O 10. O-O Nd7 11. Nd5 Bg5 12. Bxg5 Qxg5 13. Qc1 Qxc1 14. Raxc1 Nc5
15. Rfd1 Nd4 16. Kf1 Be6 17. Nb6 Rad8 18. Nc2 Bg4 19. f3 f5 20. Nxd4 fxe4 21.
Bxe4 Nxe4 22. Ne2 Ng5 23. Kg1 Bf5 24. Ng3 Bg6 25. Nd5 Ne6 26. Ne7+ Kf7 27. Nef5
Bxf5 28. Nxf5 Nf4 29. Rc2 Ke6 30. Ne3 Rc8 31. g3 Ng6 32. Kg2 Ne7 33. Rcd2 Rfd8
34. f4 exf4 35. gxf4 b5 36. Re2 Kf7 37. cxb5 axb5 38. Nd5 Nf5 0-1

[Event "Moscow Open A 2015"]
[Site "Moscow RUS"]
[Date "2015.02.01"]
[Round "2.50"]
[White "Popov, Kirill"]
[Black "Khismatullin, Denis"]
[Result "0-1"]
[WhiteTitle "FM"]
[BlackTitle "GM"]
[WhiteElo "2313"]
[BlackElo "2673"]
[WhiteFideId "24157457"]
[BlackFideId "4142578"]
[EventDate "2015.01.31"]

1. e4 c5 2. Nf3 Nc6 3. d4 cxd4 4. Nxd4 Nf6 5. Nc3 d6 6. Bc4 e6 7. Bb3 a6 8. Be3
Be7 9. Qe2 O-O 10. O-O-O Qc7 11. Kb1 b5 12. f3 Bb7 13. g4 Nd7 14. h4 Nxd4 15.
Bxd4 b4 16. Na4 Bc6 17. c3 Nc5 18. Bxc5 dxc5 19. cxb4 cxb4 20. Rc1 Rfc8 21. Rc2
Qb7 22. Qf2 Bb5 23. Nc5 Qb6 24. Rhc1 Rc6 25. Ba4 Rac8 26. Bxb5 Bxc5 27. Rxc5
Rxc5 0-1

[Event "Moscow Open A 2015"]
[Site "Moscow RUS"]
[Date "2015.02.01"]
[Round "2.51"]
[White "Kokarev, Dmitry"]
[Black "Murtazin, Bulat"]
[Result "1-0"]
[WhiteTitle "GM"]
[BlackTitle "FM"]
[WhiteElo "2645"]
[BlackElo "2326"]
[WhiteFideId "4132181"]
[BlackFideId "24151351"]
[EventDate "2015.01.31"]

1. e4 e5 2. Nf3 Nc6 3. Bb5 Nf6 4. d3 Bc5 5. Bxc6 dxc6 6. Nbd2 Bg4 7. h3 Bh5 8.
Nf1 Qe7 9. Ng3 Bg6 10. O-O Rd8 11. Nh4 O-O 12. Bg5 h6 13. Nhf5 Qe6 14. Bh4 Rd7
15. Kh1 Ne8 16. Qg4 Kh8 17. Nh5 Rg8 18. f4 Bf8 19. Nxh6 gxh6 20. f5 Bxh5 21.
fxe6 Bxg4 22. exd7 Bxd7 23. Rxf7 Be6 24. Bf6+ Bg7 25. Bxg7+ Rxg7 26. Rf8+ Rg8
27. Raf1 c5 28. b3 h5 29. Kh2 Kg7 30. Rxg8+ Kxg8 31. Kg3 Nd6 32. Kh4 Bf7 33. Kg5
Kg7 34. Rf6 b6 35. c4 Kf8 36. Kh6 Ke7 37. Rf3 Kf8 38. g4 hxg4 39. hxg4 Kg8 40.
g5 Be6 1-0

[Event "Moscow Open A 2015"]
[Site "Moscow RUS"]
[Date "2015.02.01"]
[Round "2.52"]
[White "Goganov, Aleksey"]
[Black "Atabayev, Saparmyrat"]
[Result "1-0"]
[WhiteTitle "GM"]
[BlackTitle "FM"]
[WhiteElo "2615"]
[BlackElo "2332"]
[WhiteFideId "24109959"]
[BlackFideId "14000571"]
[EventDate "2015.01.31"]

1. d4 Nf6 2. c4 g6 3. Nc3 Bg7 4. e4 d6 5. Nf3 O-O 6. Be2 e5 7. O-O Nc6 8. d5 Ne7
9. Nd2 Nd7 10. b4 f5 11. c5 Nf6 12. f3 Rf7 13. Nc4 f4 14. b5 b6 15. cxd6 cxd6
16. a4 a5 17. bxa6 Bxa6 18. Qb3 Nc8 19. Bd2 g5 20. Rfb1 Nd7 21. Be1 Nc5 22. Qb4
Bf8 23. Bf2 Rb7 24. Qb2 h5 25. Bxc5 bxc5 26. Qxb7 Bxb7 27. Rxb7 g4 28. fxg4 hxg4
29. Bxg4 Qg5 30. Be6+ Kh8 31. Rf1 Qh4 32. Rc7 Qd8 33. Rf7 Bh6 34. Rb1 Qh4 35.
Nd2 Nb6 36. Nf3 Qd8 37. Rb7 Nc4 38. Rd7 Qf6 39. Rbb7 Bg7 40. Rxg7 Qxg7 41. Rxg7
Kxg7 42. Bd7 Kf6 43. Bb5 Na3 44. Nd2 Kg7 45. Nc4 Nxb5 46. Nxb5 Rxa4 47. Nbxd6
Rb4 48. Kf2 Ra4 49. Kf3 Rb4 50. Kg4 Kf6 51. Nd2 Rb2 52. N6c4 Rc2 53. g3 fxg3 54.
hxg3 Rc3 55. Nb6 Rd3 56. Nf3 Re3 57. Nd2 Re2 58. Nbc4 Rf2 59. Kh3 Re2 60. g4 Re1
61. Kg3 Rc1 62. g5+ Kxg5 63. Nxe5 Rg1+ 64. Kf3 Rc1 65. Nec4 Rc2 66. e5 Kf5 67.
e6 Kf6 68. Kf4 Rc1 69. Ne4+ Ke7 70. Ne3 1-0

[Event "Moscow Open A 2015"]
[Site "Moscow RUS"]
[Date "2015.02.01"]
[Round "2.53"]
[White "Shimanov, Aleksandr"]
[Black "Rozhkov, Viacheslav"]
[Result "1/2-1/2"]
[WhiteTitle "GM"]
[BlackTitle "FM"]
[WhiteElo "2591"]
[BlackElo "2314"]
[WhiteFideId "4198603"]
[BlackFideId "4181484"]
[EventDate "2015.01.31"]

1. Nf3 d5 2. g3 Nf6 3. Bg2 e6 4. c4 Be7 5. O-O O-O 6. d4 dxc4 7. Qc2 a6 8. Qxc4
b5 9. Qc2 Bb7 10. Bd2 Be4 11. Qc1 Nbd7 12. Ba5 Rc8 13. Nbd2 Bb7 14. Qc2 Qe8 15.
b4 Nb8 16. a3 Nc6 17. Nb3 Nxa5 18. Nxa5 Be4 19. Qb2 Nd7 20. Nd2 Bxg2 21. Kxg2 f5
22. Rac1 Bf6 23. Nc6 e5 24. Nf3 exd4 25. Nfxd4 Nb6 26. Qb3+ Nc4 27. Rxc4 bxc4
28. Qxc4+ Kh8 29. Nxf5 Qd7 30. e4 Rce8 31. Re1 Re6 32. Na5 g6 33. Ne3 Bd4 34.
Nb3 Rxe4 35. Qd3 Qc6 36. f3 Rxf3 37. Nxd4 Rexe3 38. Nxc6 Rxd3 39. Ne5 Rfe3 40.
Nxd3 Rxd3 41. Re8+ Kg7 42. Re7+ Kg8 1/2-1/2

[Event "Moscow Open A 2015"]
[Site "Moscow RUS"]
[Date "2015.02.01"]
[Round "2.54"]
[White "Kazhgaleyev, Murtas"]
[Black "Manakova, Maria"]
[Result "1-0"]
[WhiteTitle "GM"]
[BlackTitle "WGM"]
[WhiteElo "2573"]
[BlackElo "2318"]
[WhiteFideId "13700316"]
[BlackFideId "927007"]
[EventDate "2015.01.31"]

1. d4 Nf6 2. c4 g6 3. g3 Bg7 4. Bg2 d5 5. cxd5 Nxd5 6. e4 Nb6 7. Ne2 e5 8. d5 c6
9. Nbc3 O-O 10. O-O cxd5 11. exd5 Bg4 12. h3 Bf5 13. b3 h5 14. Ba3 Re8 15. Nb5
Qd7 16. Nd6 Rd8 17. Nxf5 Qxf5 18. Rc1 N8d7 19. Rc7 Rab8 20. g4 hxg4 21. Ng3 Qf4
22. hxg4 e4 23. d6 e3 24. Qf3 Qxf3 25. Bxf3 exf2+ 26. Kxf2 Nf6 27. Ne4 Nfd5 28.
Rd1 a6 29. Ng5 Nc3 30. Rd3 Nb5 31. Bc5 Nd7 32. Bd5 Ne5 33. Bxf7+ Nxf7 34. Rxf7
Bh6 35. Rf6 Rf8 36. Rxf8+ Rxf8+ 37. Nf3 1-0

[Event "Moscow Open A 2015"]
[Site "Moscow RUS"]
[Date "2015.02.01"]
[Round "2.55"]
[White "Tenikashvili, Georgij"]
[Black "Gabrielian, Artur"]
[Result "0-1"]
[WhiteTitle "FM"]
[BlackTitle "GM"]
[WhiteElo "2348"]
[BlackElo "2554"]
[WhiteFideId "4134605"]
[BlackFideId "4131002"]
[EventDate "2015.01.31"]

1. d4 Nf6 2. c4 g6 3. Nc3 d5 4. Nf3 Bg7 5. Bg5 Ne4 6. cxd5 Nxg5 7. Nxg5 e6 8.
Nf3 exd5 9. b4 Qd6 10. Qb3 Nc6 11. e3 Ne7 12. Rc1 Bd7 13. Be2 O-O 14. O-O Rac8
15. Rfd1 Rfd8 16. Ne5 Be8 17. e4 c6 18. f4 h5 19. Bf3 Kh7 20. Ne2 b6 21. g4 f6
22. gxh5 fxe5 23. Bg4 gxh5 24. Bxc8 Rxc8 25. dxe5 Qg6+ 26. Kf2 Qxe4 27. Rd4 Qf5
28. Rg1 Bxe5 29. Rd3 Bg6 30. Rf3 Bf6 31. Qe3 Re8 32. Ng3 Qc2+ 33. Kf1 Nf5 0-1

[Event "Moscow Open A 2015"]
[Site "Moscow RUS"]
[Date "2015.02.01"]
[Round "2.56"]
[White "Rozum, Ivan"]
[Black "Ovchinnikov, Vsevolod"]
[Result "1/2-1/2"]
[WhiteTitle "GM"]
[BlackTitle "FM"]
[WhiteElo "2554"]
[BlackElo "2249"]
[WhiteFideId "24104272"]
[BlackFideId "24176842"]
[EventDate "2015.01.31"]

1. b3 Nf6 2. Bb2 d5 3. e3 g6 4. c4 c6 5. Nf3 Bg7 6. Be2 O-O 7. O-O Nbd7 8. d4 c5
9. Nc3 dxc4 10. Bxc4 cxd4 11. Nxd4 Ne5 12. Be2 Bg4 13. f3 Bd7 14. e4 Nc6 15. Kh1
Rc8 16. Ncb5 Nxd4 17. Nxd4 Qb6 18. Qd2 Rfd8 19. e5 Nd5 20. f4 Be8 21. Bc4 Qb4
22. Qf2 b5 23. Nc2 Qa5 24. Bxd5 Rxd5 25. Nd4 Qb6 26. Rad1 Rcd8 27. Rd2 e6 28.
Rfd1 Bf8 29. Qe2 b4 30. Nf3 Bb5 31. Qe1 Rxd2 32. Rxd2 Rxd2 33. Qxd2 Bc6 34. Nd4
Bd5 35. Kg1 Bc5 36. Ba1 a5 37. h3 h5 38. Kh2 Kh7 39. f5 Qc7 40. fxg6+ fxg6 41.
Qf4 Qg7 42. Nf3 Qf8 1/2-1/2

[Event "Moscow Open A 2015"]
[Site "Moscow RUS"]
[Date "2015.02.01"]
[Round "2.57"]
[White "Esipenko, Andrey"]
[Black "Megaranto, Susanto"]
[Result "0-1"]
[WhiteTitle "FM"]
[BlackTitle "GM"]
[WhiteElo "2271"]
[BlackElo "2548"]
[WhiteFideId "24175439"]
[BlackFideId "7101384"]
[EventDate "2015.01.31"]

1. d4 c5 2. d5 e5 3. c4 d6 4. Nc3 Be7 5. Nf3 a6 6. e4 Bg4 7. Be2 Bxf3 8. Bxf3
Nd7 9. Qa4 h5 10. h4 Bxh4 11. g3 Bg5 12. Bxh5 Bxc1 13. Rxc1 g6 14. Bf3 Rxh1+ 15.
Bxh1 Qg5 16. Qd1 f5 17. Bf3 O-O-O 18. Qd2 Qf6 19. Kf1 f4 20. Kg2 Nh6 21. Rh1 g5
22. g4 Nf7 23. Be2 f3+ 24. Bxf3 Nh8 25. Bd1 Ng6 26. Qe3 Rh8 27. Rxh8+ Qxh8 28.
Ne2 Nf4+ 29. Kg1 Qd8 30. Ng3 Qa5 31. Nf5 Qxa2 32. Nxd6+ Kc7 33. Nf7 Qxb2 34.
Nxg5 Qd4 35. Qf3 Qxc4 36. Nf7 Qd4 37. d6+ Kb8 38. g5 c4 39. Bc2 Qd2 40. Qd1
Qxd1+ 41. Bxd1 b5 42. Kh2 Kb7 43. Kg3 Ng6 44. Kg4 a5 45. Kf5 a4 46. Kxg6 a3 47.
Kf5 a2 48. g6 a1=Q 49. Nd8+ Kc8 50. g7 Qxd1 51. g8=Q Qf3+ 52. Ke6 Qf6+ 53. Kd5
Qxd8 54. Qe6 Kb7 55. Qe7 Qg8+ 0-1

[Event "Moscow Open A 2015"]
[Site "Moscow RUS"]
[Date "2015.02.01"]
[Round "2.58"]
[White "Tutisani, Noe"]
[Black "Swayams, Mishra"]
[Result "0-1"]
[BlackTitle "IM"]
[WhiteElo "2308"]
[BlackElo "2480"]
[WhiteFideId "13602853"]
[BlackFideId "5028183"]
[EventDate "2015.01.31"]

1. Nf3 Nf6 2. g3 b6 3. Bg2 Bb7 4. O-O g6 5. c4 c5 6. Nc3 Bg7 7. d4 cxd4 8. Qxd4
Nc6 9. Qd1 Na5 10. Qa4 Rc8 11. Nd2 Bxg2 12. Kxg2 O-O 13. e4 Qc7 14. b3 Qb7 15.
Rb1 Nxe4 16. Ncxe4 f5 17. c5 fxe4 18. Qxe4 Rxc5 19. Ba3 Rc2 20. Qxb7 Nxb7 21.
Nf3 d6 22. Rfe1 Bf6 23. g4 Rxa2 24. Bb4 Nc5 25. g5 Bxg5 26. Bxc5 bxc5 27. Nxg5
Rfxf2+ 28. Kg3 Rg2+ 29. Kh4 Rxh2+ 0-1

[Event "Moscow Open A 2015"]
[Site "Moscow RUS"]
[Date "2015.02.01"]
[Round "2.59"]
[White "Kovalev, Egor"]
[Black "Zaitsev, Alexander"]
[Result "0-1"]
[BlackTitle "IM"]
[WhiteElo "2249"]
[BlackElo "2472"]
[WhiteFideId "24124117"]
[BlackFideId "4164490"]
[EventDate "2015.01.31"]

1. d4 d5 2. Bg5 Nf6 3. Bxf6 gxf6 4. e3 c5 5. c3 Qb6 6. Qb3 Nc6 7. Nd2 e5 8. Ngf3
cxd4 9. cxd4 Bb4 10. dxe5 fxe5 11. Qxd5 O-O 12. a3 Bxd2+ 13. Qxd2 Rd8 14. Qc3
Bg4 15. Bc4 Rac8 16. Bxf7+ Kf8 17. Bc4 Na5 18. Nxe5 Nxc4 19. Nxc4 Qe6 20. Qh8+
Ke7 21. Qxh7+ Kf8 22. Qh8+ Ke7 23. Qg7+ Ke8 24. Ne5 Be2 25. Kxe2 Rc2+ 26. Kf1
Rdd2 27. Qh8+ Ke7 28. Qh4+ Ke8 29. Qa4+ Kd8 30. Ng4 Qf5 31. Kg1 Rxf2 32. Rd1+
Ke7 33. Rd7+ Qxd7 34. Qb4+ Kd8 35. Nxf2 Rc1+ 36. Nd1 Rxd1+ 37. Kf2 Rxh1 38. Qc5
Qc6 0-1

[Event "Moscow Open A 2015"]
[Site "Moscow RUS"]
[Date "2015.02.01"]
[Round "2.60"]
[White "Yilmazyerli, Mert"]
[Black "Rjabzev, Konstantin"]
[Result "1-0"]
[WhiteTitle "IM"]
[BlackTitle "IM"]
[WhiteElo "2465"]
[BlackElo "2312"]
[WhiteFideId "6305962"]
[BlackFideId "4150015"]
[EventDate "2015.01.31"]

1. e4 e5 2. Nf3 Nc6 3. Nc3 Nf6 4. g3 Bc5 5. Bg2 d6 6. d3 a6 7. h3 h6 8. Be3 Bxe3
9. fxe3 Be6 10. O-O O-O 11. Nh4 Ne7 12. Rxf6 gxf6 13. Qh5 Kh7 14. Rf1 Ng8 15.
Bf3 c6 16. Bg4 Qb6 17. Bf5+ Kh8 18. Nd1 d5 19. Rf3 Qa5 20. Nf2 Qe1+ 21. Kg2 Qd2
22. g4 d4 23. exd4 exd4 24. Bxe6 fxe6 25. Ng6+ Kg7 26. Nf4 Rae8 27. e5 Re7 28.
exf6+ Rxf6 29. Qe5 Kh7 30. Qe4+ Kh8 31. Qe5 Kh7 32. Qe4+ Kh8 33. Ng6+ Rxg6 34.
Qxg6 Rg7 35. Qxe6 Qxc2 36. Qe5 Qd2 37. Rf7 Qg5 38. Qxd4 Qd5+ 39. Qxd5 cxd5 40.
Rxg7 Kxg7 41. Kf3 Kf6 42. d4 Ne7 43. Nd3 Nc6 44. Ke3 Kg5 45. Ne5 Kh4 46. Nf7
Kxh3 47. Nxh6 Kh4 48. Kf4 Nd8 49. Nf5+ Kh3 50. Ne3 Nc6 51. g5 Nxd4 52. g6 Ne6+
53. Ke5 d4 54. Nf5 1-0

[Event "Moscow Open A 2015"]
[Site "Moscow RUS"]
[Date "2015.02.01"]
[Round "2.61"]
[White "Aliyev, Rasim"]
[Black "Mokshanov, Alexey"]
[Result "1/2-1/2"]
[BlackTitle "IM"]
[WhiteElo "2257"]
[BlackElo "2460"]
[WhiteFideId "13401084"]
[BlackFideId "24121657"]
[EventDate "2015.01.31"]

1. e4 e5 2. Nf3 Nc6 3. Bb5 a6 4. Ba4 Nf6 5. d3 b5 6. Bb3 Be7 7. c3 d6 8. O-O O-O
9. Nbd2 Na5 10. Bc2 c5 11. Re1 Nd7 12. Nf1 Nb6 13. Ng3 Nc6 14. h3 Be6 15. Be3
Rc8 16. d4 cxd4 17. cxd4 Nb4 18. Bb1 exd4 19. Nxd4 Nc4 20. a3 Nc6 21. Nxe6 fxe6
22. Ba2 Bf6 23. Rb1 Kh8 24. Bxc4 bxc4 25. Nh5 d5 26. exd5 exd5 27. Nxf6 gxf6 28.
Bc5 Rg8 29. Re6 Qd7 30. Qe2 Ne5 31. Rxe5 Qg7 32. f4 Rxc5 33. Re7 Qg3 34. Qf2
Qxh3 35. Rd1 Rb5 36. Rd2 c3 37. Qd4 Qf5 38. Qxc3 Rc8 39. Rc7 Rxc7 40. Qxc7 Qe4
41. Qc8+ Kg7 42. Qg4+ Qg6 43. Qd7+ Qf7 44. Qg4+ Qg6 45. Qd7+ Qf7 1/2-1/2

[Event "Moscow Open A 2015"]
[Site "Moscow RUS"]
[Date "2015.02.01"]
[Round "2.62"]
[White "Krapivin, Alexander"]
[Black "Shapkin, Anatoliy"]
[Result "1-0"]
[WhiteTitle "GM"]
[WhiteElo "2443"]
[BlackElo "2236"]
[WhiteFideId "4154720"]
[BlackFideId "34108332"]
[EventDate "2015.01.31"]

1. Nf3 Nf6 2. b3 g6 3. Bb2 Bg7 4. e4 O-O 5. e5 Nd5 6. c4 Nb4 7. Bc3 N4c6 8. Be2
d6 9. exd6 exd6 10. Bxg7 Kxg7 11. O-O Re8 12. d4 Bg4 13. h3 Bxf3 14. Bxf3 Nd7
15. Nc3 Nf6 16. Qd2 Qd7 17. Qf4 Re7 18. Rfd1 Rae8 19. a3 Nd8 20. b4 Qe6 21. d5
Qe5 22. Qxe5 dxe5 23. c5 e4 24. Be2 e3 25. Bf3 a6 26. d6 cxd6 27. Rxd6 exf2+ 28.
Kxf2 Ne6 29. Rb6 Nd4 30. Rxb7 Re3 31. Bd5 Nxd5 32. Nxd5 Re2+ 33. Kg1 R8e5 34.
Nf4 Rc2 35. Rf1 Kg8 36. Rd7 Ne2+ 37. Kh2 Nxf4 38. Rxf4 Ree2 39. Rg4 Re1 40. Rdd4
h5 41. Rc4 Ra2 42. Rge4 Rf1 43. Rf4 Re1 44. c6 Ree2 45. c7 Rxg2+ 46. Kh1 1-0

[Event "Moscow Open A 2015"]
[Site "Moscow RUS"]
[Date "2015.02.01"]
[Round "2.63"]
[White "Ivlev, Aleksey"]
[Black "Kukhmazov, Arsen"]
[Result "0-1"]
[BlackTitle "FM"]
[WhiteElo "2231"]
[BlackElo "2434"]
[WhiteFideId "24185949"]
[BlackFideId "24108260"]
[EventDate "2015.01.31"]

1. Nf3 d5 2. c4 d4 3. g3 Nc6 4. e3 e5 5. e4 Nf6 6. d3 Bb4+ 7. Nbd2 a5 8. Bg2 O-O
9. O-O Nd7 10. a3 Be7 11. Ne1 Nc5 12. Nb3 Rb8 13. Bd2 Bg4 14. f3 Bd7 15. Nxc5
Bxc5 16. Nc2 a4 17. Bb4 Qe7 18. Qd2 b5 19. Bxc5 Qxc5 20. Nb4 Rb7 21. Rac1 Na5
22. Na6 Qb6 23. Nc5 Qxc5 24. Qxa5 Ra7 25. Qd2 Rb8 26. f4 b4 27. axb4 Qxb4 28.
Qxb4 Rxb4 29. Rc2 a3 30. bxa3 Rxa3 31. fxe5 Rxd3 32. Ra1 Kf8 33. Bf1 Rdb3 34. c5
Bc6 35. Ra7 Rb7 36. Rxb7 Rxb7 37. Kf2 Ke7 38. Rd2 Rb4 39. Kf3 f5 40. exf6+ Kxf6
41. Kf4 g5+ 42. Kg4 Bxe4 43. Kh5 Rb1 44. Rf2+ Ke5 45. Kxg5 d3 46. Bxd3 Bxd3 47.
Kh6 Rc1 48. h4 Rxc5 49. h5 Rc6+ 50. Kg7 Rc2 51. Rf3 Be4 52. Ra3 c5 53. g4 Rg2
54. Ra5 Kd4 55. Kh6 c4 56. g5 c3 57. Ra7 c2 58. Rc7 Rg1 0-1

[Event "Moscow Open A 2015"]
[Site "Moscow RUS"]
[Date "2015.02.01"]
[Round "2.64"]
[White "Munguntuul, Batkhuyag"]
[Black "Sattarov, Bobir"]
[Result "0-1"]
[WhiteTitle "IM"]
[WhiteElo "2433"]
[BlackElo "2243"]
[WhiteFideId "4900758"]
[BlackFideId "14203081"]
[EventDate "2015.01.31"]

1. e4 d6 2. d4 Nf6 3. Nc3 e5 4. Nf3 Nbd7 5. Bc4 Be7 6. O-O O-O 7. a4 c6 8. Ba2
Qc7 9. Qe2 a5 10. Rd1 h6 11. h3 exd4 12. Nxd4 Ne5 13. f4 Ng6 14. Qf2 Re8 15. Qg3
d5 16. exd5 Bd6 17. dxc6 Nxf4 18. Qf3 bxc6 19. Qxc6 Nxh3+ 20. Kf1 Qxc6 21. Nxc6
Bc5 22. Rd3 Nf2 23. Rd4 Bxd4 24. Nxd4 N2e4 25. Ncb5 Ba6 26. Bf4 Rad8 27. Kg1
Bxb5 28. Nxb5 g5 29. Bc7 Rd2 30. Na3 Ra8 31. Rf1 Rd7 32. Bb6 Nd5 33. Nc4 Nd2 34.
Ne5 Nxf1 35. Nxd7 Nfe3 36. Nf6+ Nxf6 37. Bxe3 Rb8 38. Bb3 Ne4 39. Bd5 Nf6 40.
Bb3 Kg7 41. Bd2 Ra8 42. Bc3 Kg6 43. Bc4 Ng4 0-1

[Event "Moscow Open A 2015"]
[Site "Moscow RUS"]
[Date "2015.02.01"]
[Round "2.65"]
[White "Kardashevskiy, Evgeny"]
[Black "Pourramezanali, Amirreza"]
[Result "1/2-1/2"]
[BlackTitle "IM"]
[WhiteElo "2236"]
[BlackElo "2432"]
[WhiteFideId "24108138"]
[BlackFideId "12511412"]
[EventDate "2015.01.31"]

1. d4 d5 2. c4 c6 3. e3 Nf6 4. Nf3 e6 5. b3 Ne4 6. Bb2 Bb4+ 7. Nbd2 Qf6 8. Qe2
dxc4 9. bxc4 Na6 10. g3 e5 11. h3 O-O 12. Bg2 exd4 13. Bxd4 Qh6 14. Kf1 Nxd2+
15. Nxd2 Re8 16. a3 Bf8 17. Nb3 Nc7 18. h4 Ne6 19. Bc3 Nc5 20. Nxc5 Bxc5 21. Bf3
Qe6 22. Kg2 Qe7 23. Qb2 f6 24. h5 h6 25. Rh4 Bf5 26. Rf4 Bh7 27. Rg4 Kh8 28. Rf4
Rf8 29. Bb4 Rf7 30. Rd1 a5 31. Bxc5 Qxc5 32. Rfd4 Raf8 33. Qc3 Bg8 34. Rd8 Rxd8
35. Rxd8 Rf8 36. Rxf8 Qxf8 37. Qxa5 Bxc4 38. Qa7 Qc8 39. Qc5 Qe6 40. Qa7 Qd7 41.
Qc5 Qd3 42. Kh2 Qf1 43. Bg2 Qe2 44. Qf5 1/2-1/2

[Event "Moscow Open A 2015"]
[Site "Moscow RUS"]
[Date "2015.02.01"]
[Round "2.66"]
[White "Gurvich, Vitaly"]
[Black "Makhmutov, Rail"]
[Result "0-1"]
[BlackTitle "FM"]
[WhiteElo "2216"]
[BlackElo "2428"]
[WhiteFideId "24164852"]
[BlackFideId "4122151"]
[EventDate "2015.01.31"]

1. d4 Nf6 2. c4 e6 3. Nc3 Bb4 4. Nf3 b6 5. Bg5 Bb7 6. e3 h6 7. Bh4 g5 8. Bg3 Ne4
9. Nd2 Bxc3 10. bxc3 Nxg3 11. hxg3 Qe7 12. Rh2 Nc6 13. Be2 d6 14. Bf3 O-O-O 15.
Nb3 f5 16. a4 a5 17. Qc2 Qd7 18. g4 Kb8 19. Rb1 Ka7 20. gxf5 exf5 21. Bd5 h5 22.
Kd2 h4 23. Rhh1 Rdf8 24. f3 f4 25. e4 g4 26. fxg4 f3 27. gxf3 Rxf3 28. Kc1 Qxg4
29. Kb2 Rg3 30. Ka3 h3 31. Rh2 Rf8 32. Bxc6 Bxc6 33. d5 Bd7 34. Nd4 Rg1 35. Rxg1
Qxg1 36. Nf5 Rg8 37. Qf2 Qa1+ 38. Qa2 Qxc3+ 39. Qb3 Qa1+ 40. Ra2 Qg1 0-1

[Event "Moscow Open A 2015"]
[Site "Moscow RUS"]
[Date "2015.02.01"]
[Round "2.67"]
[White "Klukin, Kirill"]
[Black "Duzhakov, Ilya"]
[Result "0-1"]
[BlackTitle "FM"]
[WhiteElo "2225"]
[BlackElo "2420"]
[WhiteFideId "24199273"]
[BlackFideId "4192516"]
[EventDate "2015.01.31"]

1. d4 Nf6 2. Nf3 g6 3. c4 Bg7 4. Nc3 d5 5. cxd5 Nxd5 6. Bd2 Nb6 7. Bg5 O-O 8. e3
N8d7 9. Be2 Nf6 10. O-O Bf5 11. Rc1 a5 12. Nd2 c6 13. Nb3 Ne4 14. Nxe4 Bxe4 15.
Bf4 Nd7 16. Nd2 Bd5 17. Bc4 e5 18. dxe5 Nxe5 19. Bxe5 Bxe5 20. e4 Bxc4 21. Nxc4
Bg7 22. Qc2 Qe7 23. Rcd1 Qc5 24. b3 b5 25. Ne3 Qxc2 26. Nxc2 Rfd8 27. f3 a4 28.
b4 Rdc8 29. Kf2 Bf8 30. Ke2 c5 31. bxc5 Rxc5 32. Ne3 b4 33. Rb1 b3 34. axb3 a3
35. b4 Rcc8 36. f4 a2 37. Rbd1 Ra3 38. Ra1 Bxb4 39. Nd5 Rc2+ 40. Kd1 Rd2+ 41.
Ke1 Ba5 0-1

[Event "Moscow Open A 2015"]
[Site "Moscow RUS"]
[Date "2015.02.01"]
[Round "2.68"]
[White "Nuzhdin, Andrey"]
[Black "Usmanov, Vasily"]
[Result "0-1"]
[BlackTitle "IM"]
[WhiteElo "2183"]
[BlackElo "2414"]
[WhiteFideId "24130362"]
[BlackFideId "4135741"]
[EventDate "2015.01.31"]

1. d4 Nf6 2. Nf3 e6 3. c3 c5 4. Bg5 Be7 5. e3 b6 6. Bd3 cxd4 7. exd4 Ba6 8. Bxa6
Nxa6 9. Qe2 Nc7 10. Nbd2 h6 11. Bxf6 Bxf6 12. Nc4 d6 13. Ne3 O-O 14. h4 g6 15.
Rd1 Re8 16. O-O Bxh4 17. Nxh4 Qxh4 18. Rd3 h5 19. Nc4 Rad8 20. Rh3 Qf6 21. f4
Nd5 22. g4 Nxf4 23. Rxf4 Qxf4 24. gxh5 g5 25. Ne3 g4 26. Qxg4+ Qxg4+ 27. Nxg4
Kg7 28. Kf2 f5 29. Ne3 Rh8 30. d5 f4 31. Ng4 e5 32. Kf3 Rhf8 33. Nf2 Kh6 34. Ke4
f3 35. Rxf3 Rxf3 36. Kxf3 Kxh5 37. Ne4 Kg6 38. Ke3 Kf7 39. Kd3 Ke7 40. Kc4 a6
41. a4 Rh8 42. a5 bxa5 43. Ng3 Rb8 44. b3 Kd7 45. Ne4 Kc7 46. Nd2 Rh8 47. Kd3
Rh3+ 48. Kc2 Rh2 49. Kd3 Rxd2+ 50. Kxd2 Kb6 51. c4 Kc5 52. Kc3 e4 53. Kd2 a4 0-1

[Event "Moscow Open A 2015"]
[Site "Moscow RUS"]
[Date "2015.02.01"]
[Round "2.69"]
[White "Maksimov, Dmitri"]
[Black "Naumkin, Igor"]
[Result "0-1"]
[BlackTitle "GM"]
[WhiteElo "2204"]
[BlackElo "2408"]
[WhiteFideId "24162477"]
[BlackFideId "4101715"]
[EventDate "2015.01.31"]

1. e4 e6 2. d4 d5 3. Nc3 Nf6 4. Bg5 Be7 5. e5 Nfd7 6. Bxe7 Qxe7 7. f4 O-O 8. Nf3
c5 9. Nb5 cxd4 10. Nc7 Nxe5 11. Nxa8 Nxf3+ 12. Qxf3 Nc6 13. Qa3 Qf6 14. Nc7 Qxf4
15. Qg3 Qh6 16. Be2 Nb4 17. Qb3 Qh4+ 18. g3 Qe7 19. Nb5 e5 20. O-O-O a6 21. Na3
Bf5 22. Rhf1 Bg6 23. Rd2 h5 24. g4 h4 25. g5 a5 26. Rg1 Qc5 27. Rgd1 Qe7 28. Kb1
Qxg5 29. Ka1 Qe7 30. Bf1 Rc8 31. c3 Nc6 32. cxd4 Nxd4 33. Qxd5 Rc5 34. Qg2 Qc7
35. Nc4 Rxc4 36. Bxc4 Qxc4 37. Qxb7 Nc2+ 38. Rxc2 Qxc2 39. Rg1 Qxh2 40. Rh1 Qf4
41. Qc7 f6 42. Qc8+ Kh7 43. Qh3 Kh6 44. Qxh4+ Qxh4 45. Rxh4+ Bh5 46. Kb1 g5 47.
Rh1 Kg6 48. Kc1 Bf3 49. Rf1 g4 50. Kd2 f5 51. Ke3 f4+ 52. Kf2 Kf5 53. Rc1 Bd5
54. Rc5 g3+ 55. Kg1 Be4 56. Rxa5 f3 57. Ra3 Kf4 58. b4 Bf5 59. b5 f2+ 0-1